000
00293nam a22001337a 4500
008
170323b xxu||||| |||| 00| 0 eng d
020
_a
9780323056311
041
_a
eng
080
_2
4TH
_a
616.9
100
_a
8
101
_a
SHM
245
_a
INFECTION CONTROL
_c
MILLER, CH.H
942
_2
udc
_c
BK
999
_c
8455
_d
8455